| 000 | 01286nam a2200361 i 4500 | ||
|---|---|---|---|
| 003 | EG-GICUC | ||
| 005 | 20260121101437.0 | ||
| 008 | 251207s1999 ua ||||fr|||| 000 0 ara d | ||
| 017 | _a99/4972 | ||
| 020 | _a977-04-2596-6 | ||
| 040 |
_a EG-GICUC _bara _c EG-GICUC _d EG-GICUC _erda |
||
| 041 | _aara | ||
| 082 | 0 | 4 |
_221 _a343.5 _bأ ش . م |
| 092 | 0 | 4 | _221 |
| 099 | _aLaw1 10 343.5 أ ش . م 2 ed - 1999 | ||
| 100 | 0 |
_aأشرف توفيق شمس الدين _eمؤلف. |
|
| 245 | 1 | 0 |
_aمبادئ القانون الجنائي الدولي / _cأشرف توفيق شمس الدين. |
| 250 | _aالطبعة الثانية | ||
| 264 | 1 |
_aالقاهرة : _bدار النهضة العربية، _c1999. |
|
| 300 |
_a304 صفحة ؛ _c24 سم |
||
| 336 |
_2rda content _atext |
||
| 337 |
_2rda media _aComputer |
||
| 338 |
_2rda carrier _aOnline Resource |
||
| 504 | _a. 291-285 ببليوجرافيا: صفحات. | ||
| 546 | _aالنص باللغة العربية | ||
| 650 | 1 | 4 |
_aالقانون الجنائي الدولي _2qrmak |
| 650 | 1 | 4 |
_a أسباب الإباحة _2qrmak |
| 650 | 1 | 4 |
_aأركان الجريمة _2qrmak |
| 651 | 1 | _2qrmak | |
| 856 | 4 | 0 | _uhttps://fll.law.cu.edu.eg/fulltext/bks/B10-06672.pdf |
| 905 |
_a79 _eHassnaa |
||
| 942 |
_2ddc _cBK _e21 _n0 |
||
| 999 |
_c48808 _d48808 |
||